000 00674nam a22002057a 4500
999 _c193018
_d193018
005 20221013112026.0
010 _aUR-11750
020 _a9789390789818
_c350.00
035 _aU-10305
037 _bDBAD/PUB
_a-
082 _a840.8
100 _aشبنم حمید
245 _aانتخاب غزلیات /
_cمرتبہ ، شبنم حمید
_hا ر د و
246 _aIntikhab-E-Ghazaliyat /
_bed. by Shabnam Hameed
260 _aNew Delhi
_bEducational Publishing House
_c2021 ء
270 _aH.O. D/16, Ansari Road, Daryaganj
_bNew Delhi
_e110006
300 _a292 ص
_c22cm(pbk)
700 _aشبنم حمید
942 _2ddc
_cUR
_h840.8
_mش ب ن